Contrattacco : la guerra non dichiarata contro le donne /
Saved in:
| 主要作者: | |
|---|---|
| 格式: | 图书 |
| 语言: | 意大利语 |
| 出版: |
Milano :
Baldini & Castoldi,
[1992]
|
| 丛编: | I saggi ;
9 |
| 主题: | |
| 标签: |
没有标签, 成为第一个标记此记录!
|
MARC
| LEADER | 00000nam a22000007i 4500 | ||
|---|---|---|---|
| 001 | IT\ICCU\RAV\0216434 | ||
| 003 | ItRI | ||
| 005 | 20260115231944.0 | ||
| 008 | 930503s1992 it |||||| ||||| |||||c | ||
| 020 | |a 888598830X | ||
| 040 | |b ita |c importazione bologna sebina | ||
| 041 | 7 | |a ita |2 ISO-639-2 | |
| 082 | |a 305.42 |9 DONNE. Ruolo sociale e condizione |2 20 | ||
| 100 | 1 | |a Faludi, Susan |0 IT\ICCU\RAVV\083133 |4 aut | |
| 240 | 1 | 0 | |a Backlash. - |3 IT\ICCU\RAV\0216440 |9 Faludi, Susan |
| 245 | 1 | 0 | |a Contrattacco : |b la guerra non dichiarata contro le donne / |c Susan Faludi. |
| 260 | |a Milano : |b Baldini & Castoldi, |c [1992] | ||
| 300 | |a 570 p. ; |c 23 cm | ||
| 500 | |a Trad. dall'americano di Mara Muzzarelli | ||
| 650 | 7 | |a Donna |x Posizione sociale | |
| 830 | 2 | |a I saggi ; |v 9 |0 IT\ICCU\CFI\0265114 | |
| 942 | |2 ddc |c BK |n 0 | ||
| 952 | |0 0 |1 0 |4 0 |6 DOC_305_420000000000000_FAL |7 0 |9 17797 |a BO |b BO |d 2026-01-15 |i 3309 |l 0 |o DOC 305.420 FAL |p BO3309 |r 2026-01-15 23:19:44 |w 2026-01-15 |x [Sebina 5] [1 v.] |y BK |z 1 v. | ||
| 999 | |c 15138 |d 15138 | ||